Statistics for All Normal Type Moves

Click here to take the quiz!

General Stats

  • This quiz has been taken 50 times
  • The average score is 69 of 180

Answer Stats

CatagoryAnswer% Correct
PhysicalTackle
98%
PhysicalBody Slam
91%
SpecialHyper Beam
89%
StatusGrowl
87%
PhysicalScratch
87%
PhysicalQuick Attack
84%
StatusTail Whip
82%
StatusLeer
78%
PhysicalDouble Slap
76%
PhysicalPound
76%
StatusProtect
76%
PhysicalMega Punch
73%
PhysicalDouble-Edge
71%
PhysicalGiga Impact
71%
PhysicalMega Kick
71%
PhysicalSlam
71%
PhysicalTake Down
71%
PhysicalHeadbutt
69%
PhysicalSlash
69%
StatusRoar
67%
StatusSwords Dance
67%
PhysicalCut
64%
PhysicalHyper Fang
62%
StatusRecover
62%
PhysicalExtreme Speed
60%
PhysicalFury Swipes
60%
SpecialHyper Voice
60%
StatusSing
60%
PhysicalSuper Fang
60%
PhysicalStrength
58%
SpecialTri Attack
58%
StatusDouble Team
56%
PhysicalFury Attack
56%
StatusGlare
56%
StatusTransform
56%
StatusAttract
53%
SpecialBoomburst
53%
PhysicalDizzy punch
53%
SpecialSnore
53%
SpecialSwift
53%
PhysicalWrap
53%
PhysicalBind
51%
StatusDefense Curl
51%
PhysicalEgg Bomb
51%
PhysicalExplosion
51%
StatusHowl
51%
PhysicalSelf-Destruct
51%
PhysicalStomp
51%
PhysicalTail Slap
51%
PhysicalConstrict
49%
PhysicalHorn Attack
49%
StatusMetronome
49%
StatusScreech
49%
StatusMimic
47%
StatusSupersonic
47%
PhysicalBide
44%
PhysicalComet Punch
44%
PhysicalPay Day
44%
PhysicalRock Climb
44%
StatusSleep Talk
44%
StatusStockpile
44%
StatusTeeter Dance
44%
SpecialUproar
44%
Z-MoveBreakneck Blitz
42%
StatusConversion
42%
PhysicalDouble Hit
42%
PhysicalSecret Power
42%
StatusSplash
42%
StatusBelly Drum
40%
StatusConversion 2
40%
PhysicalGuillotine
40%
StatusHarden
40%
PhysicalRage
40%
PhysicalReturn
40%
StatusSoft-Boiled
40%
StatusWhirlwind
40%
PhysicalBarrage
38%
SpecialEchoed Voice
38%
StatusEndure
38%
PhysicalFake Out
38%
StatusFollow Me
38%
SpecialHidden Power
38%
PhysicalLast Resort
38%
StatusRecycle
38%
StatusTickle
38%
StatusAssist
36%
PhysicalCrush Claw
36%
StatusForesight
36%
PhysicalHorn Drill
36%
StatusSlack Off
36%
StatusEncore
33%
PhysicalFalse Swipe
33%
PhysicalFlail
33%
StatusPain Split
33%
SpecialRazor Wind
33%
SpecialSpit Up
33%
StatusWish
33%
StatusCopycat
31%
PhysicalCovet
31%
PhysicalHead Charge
31%
StatusHelping Hand
31%
StatusMean Look
31%
PhysicalMulti-Attack
31%
StatusPerish Song
31%
Z-MovePulverizing Pancake
31%
PhysicalSkull Bash
31%
PhysicalStruggle
31%
StatusSubstitute
31%
StatusSwallow
31%
SpecialWeather Ball
31%
StatusWork Up
31%
StatusYawn
31%
PhysicalFacade
29%
StatusFlash
29%
StatusFocus Energy
29%
PhysicalFrustration
29%
SpecialJudgment
29%
StatusLovely Kiss
29%
StatusMe First
29%
StatusOdor Sleuth
29%
PhysicalRapid Spin
29%
SpecialRound
29%
StatusScary Face
29%
StatusSharpen
29%
SpecialSonic Boom
29%
PhysicalVice Grip
29%
StatusAfter You
27%
StatusBaton Pass
27%
StatusBlock
27%
StatusCelebrate
27%
PhysicalCrush Grip
27%
PhysicalRetaliate
27%
StatusSimple Beam
27%
StatusSwagger
27%
StatusSweet Scent
27%
PhysicalThrash
27%
StatusGrowth
24%
StatusHeal Bell
24%
StatusLock-On
24%
StatusSketch
24%
StatusMilk Drink
22%
StatusNature Power
22%
PhysicalPresent
22%
PhysicalSmelling Salts
22%
PhysicalSpike Cannon
22%
SpecialWring Out
22%
StatusDisable
20%
StatusHold Hands
20%
SpecialRelic Song
20%
StatusAcupressure
18%
PhysicalEndeavor
18%
PhysicalFeint
18%
StatusMorning Sun
18%
SpecialTrump Card
18%
StatusEntrainment
16%
PhysicalNatural Gift
16%
StatusCaptivate
13%
StatusConfide
13%
StatusHappy Hour
13%
StatusPsych Up
13%
SpecialRevelation Dance
13%
StatusSmokescreen
13%
StatusCamoflage
11%
PhysicalHold Back
11%
StatusMind Reader
11%
StatusMinimise
11%
StatusNoble Roar
11%
StatusPlay Nice
11%
StatusRefresh
11%
PhysicalChip Away
9%
StatusSpotlight
9%
SpecialTechno Blast
9%
StatusLucky Chant
7%
StatusReflect Type
7%
StatusBestow
4%
StatusTearful Look
4%
Z-MoveExtreem Evoboost
2%
StatusSafegaurd
2%
StatusLaser Focus
0%
StatusShell SmasS
0%

Score Distribution

Percentile by Number Answered

Percent of People with Each Score

Your Score History

You have not taken this quiz